|
|
|
|
| LEADER |
01059cam a2200301 7i4500 |
| 001 |
0000058761 |
| 005 |
20210507090000.0 |
| 020 |
|
|
|a 9781466674905 (electronic book)
|
| 090 |
0 |
0 |
|a TS655
|b .T44 2015
|
| 245 |
0 |
0 |
|a Thermal sprayed coatings and their tribological performances
|c Manish Roy and J. Paulo Davim, editors.
|
| 264 |
|
|
|a Hershey, PA:
|b Engineering Science Reference,
|c 2015.
|
| 300 |
|
|
|a 1 online resource (420 pages):
|b illustrations, text file, PDF.
|
| 336 |
|
|
|a text
|2 rdacontent
|
| 337 |
|
|
|a computer
|2 rdamedia
|
| 338 |
|
|
|a online resource
|2 rdacarrier
|
| 490 |
0 |
|
|a Research essentials
|
| 650 |
|
0 |
|a Flame spraying
|
| 650 |
|
0 |
|a Surface roughness
|
| 650 |
|
0 |
|a Plasma spraying
|
| 650 |
|
0 |
|a Tribology
|
| 655 |
|
0 |
|a Electronic books
|
| 700 |
1 |
|
|a Roy, Manish
|
| 700 |
1 |
|
|a Davim, J. Paulo
|
| 856 |
4 |
2 |
|u http://library.unisel.edu.my/web/guest/mylibrary
|
| 997 |
|
|
|a Centre for Graduate Studies
|
| 998 |
|
|
|a Engineering, Doctor of Philosophy
|
| 998 |
|
|
|a Engineering, Master
|
| 999 |
|
|
|a EBO0005069
|b EBOOK
|c EBOOK
|e Electronic resources
|